<?xml version="1.0" encoding="UTF-8"?>
<record
    xmlns:xsi="http://www.w3.org/2001/XMLSchema-instance"
    xsi:schemaLocation="http://www.loc.gov/MARC21/slim http://www.loc.gov/standards/marcxml/schema/MARC21slim.xsd"
    xmlns="http://www.loc.gov/MARC21/slim">

  <leader>02557cam a22002535a 4500</leader>
  <controlfield tag="001">18198974</controlfield>
  <controlfield tag="005">20161127132104.0</controlfield>
  <controlfield tag="008">140624s2014    nyua   fr     001 0 eng d</controlfield>
  <datafield tag="020" ind1=" " ind2=" ">
    <subfield code="a">9781609019891</subfield>
  </datafield>
  <datafield tag="020" ind1=" " ind2=" ">
    <subfield code="a">160901989X</subfield>
  </datafield>
  <datafield tag="040" ind1=" " ind2=" ">
    <subfield code="a">DLC</subfield>
    <subfield code="b">eng</subfield>
    <subfield code="c">DLC</subfield>
    <subfield code="d">DLC</subfield>
    <subfield code="d">EG-ScBUE</subfield>
  </datafield>
  <datafield tag="082" ind1="0" ind2="4">
    <subfield code="a">620.0042028553</subfield>
    <subfield code="2">22</subfield>
    <subfield code="b">SEI</subfield>
  </datafield>
  <datafield tag="100" ind1="1" ind2=" ">
    <subfield code="a">Seidler, Douglas R.</subfield>
  </datafield>
  <datafield tag="245" ind1="1" ind2="0">
    <subfield code="a">Digital drawing for designers :</subfield>
    <subfield code="b">a visual guide to AutoCAD 2015 /</subfield>
    <subfield code="c">Douglas R. Seidler.</subfield>
  </datafield>
  <datafield tag="260" ind1=" " ind2=" ">
    <subfield code="a">New York ;</subfield>
    <subfield code="a">London :</subfield>
    <subfield code="b">Fairchild Books / Bloomsbury Publishing PLC,</subfield>
    <subfield code="c">2014.</subfield>
  </datafield>
  <datafield tag="300" ind1=" " ind2=" ">
    <subfield code="a">xvii, 236 p. :</subfield>
    <subfield code="b">ill. ;</subfield>
    <subfield code="c">28 cm.</subfield>
  </datafield>
  <datafield tag="500" ind1=" " ind2=" ">
    <subfield code="a">Includes index.</subfield>
  </datafield>
  <datafield tag="505" ind1="8" ind2=" ">
    <subfield code="a">Machine generated contents note: -- Part 1: Hand Drawing and Digital DrawingChapter 1: Digital Drawing ToolsChapter 2: Drawing Lines and ShapesChapter 3: Modifying Lines and ShapesChapter 4: Drawing with Accuracy and SpeedPart 2: Design DrawingsChapter 5: Organizing Plans, Sections and ElevationsChapter 6: Drawing and Printing to ScaleChapter 7: Text Styles and SizesChapter 8: Hatches and Dashed LinesPart 3: Advanced Drawing ToolsChapter 9: Stencils and BlocksChapter 10: Advanced Editing ToolsChapter 11: Dimensioning Your DrawingChapter 12: Text LeadersChapter 13: Drawing Symbols and Attributed TExtChapter 14: Lining Drawings/External ReferencesChapter 15: AutoCAD WS on your iPhone, iPad and Android Device.</subfield>
  </datafield>
  <datafield tag="520" ind1=" " ind2=" ">
    <subfield code="a">"Created specifically to help designers master AutoCAD, "Digital Drawing for Designers 2014" is neither overly simplistic nor excessively technical, and teaches by relating to what architects and interior designers understand best: the visual world. Beginning with the building blocks of drawing (lines, circles, and arcs), the book progresses through architectural graphic standards, enabling students to create drawings that effectively communicate their design ideas. Advanced features such as annotative dimensions, annotative blocks, express tools, and linking drawings (XREFs) are also covered. Instructions are illustrated using language and concepts from manual drafting, facilitating a smooth transition to the digital environment for all designers. New learners will appreciate the step-by-step lessons and visual illustrations, while experienced design professionals can easily access material to refresh their knowledge. Clear, concise, and above all visual, this AutoCAD guide speaks directly to the needs of architects and interior designers"--</subfield>
  </datafield>
  <datafield tag="630" ind1="0" ind2="7">
    <subfield code="a">AutoCAD.</subfield>
    <subfield code="9">37593</subfield>
  </datafield>
  <datafield tag="650" ind1=" " ind2="7">
    <subfield code="a">Computer-aided design.</subfield>
    <subfield code="2">BUEsh</subfield>
    <subfield code="9">3588</subfield>
  </datafield>
  <datafield tag="653" ind1=" " ind2=" ">
    <subfield code="b">ENGARC</subfield>
    <subfield code="c">November2016</subfield>
  </datafield>
  <datafield tag="942" ind1=" " ind2=" ">
    <subfield code="2">ddc</subfield>
  </datafield>
  <datafield tag="999" ind1=" " ind2=" ">
    <subfield code="c">23356</subfield>
    <subfield code="d">23328</subfield>
  </datafield>
  <datafield tag="952" ind1=" " ind2=" ">
    <subfield code="0">0</subfield>
    <subfield code="1">0</subfield>
    <subfield code="2">ddc</subfield>
    <subfield code="4">0</subfield>
    <subfield code="7">0</subfield>
    <subfield code="8">Baccah</subfield>
    <subfield code="a">MAIN</subfield>
    <subfield code="b">MAIN</subfield>
    <subfield code="c">1ST</subfield>
    <subfield code="d">2016-11-27</subfield>
    <subfield code="e">Purchase</subfield>
    <subfield code="g">878.00</subfield>
    <subfield code="h">25143</subfield>
    <subfield code="l">0</subfield>
    <subfield code="o">620.0042028553 SEI</subfield>
    <subfield code="p">000040093</subfield>
    <subfield code="r">2025-07-15 00:00:00</subfield>
    <subfield code="v">1097.50</subfield>
    <subfield code="y">BB</subfield>
  </datafield>
</record>
